<?xml version="1.0" encoding="UTF-8"?>
<record
    xmlns:xsi="http://www.w3.org/2001/XMLSchema-instance"
    xsi:schemaLocation="http://www.loc.gov/MARC21/slim http://www.loc.gov/standards/marcxml/schema/MARC21slim.xsd"
    xmlns="http://www.loc.gov/MARC21/slim">

  <leader>00761nam a2200181 i 4500</leader>
  <controlfield tag="001">53454</controlfield>
  <controlfield tag="003">ES-MaACL</controlfield>
  <controlfield tag="005">20230906162753.0</controlfield>
  <controlfield tag="007">t|</controlfield>
  <controlfield tag="008">950927s1878    sp abf       ||||1| spa d</controlfield>
  <datafield tag="040" ind1=" " ind2=" ">
    <subfield code="a">CAM </subfield>
    <subfield code="b">spa </subfield>
    <subfield code="c">CAM</subfield>
  </datafield>
  <datafield tag="245" ind1="0" ind2="0">
    <subfield code="a">Estudio sobre la Exposici&#xF3;n Vin&#xED;cola Nacional de 1877 </subfield>
    <subfield code="b">: publicado en cumplimiento del real decreto de 15 de septiembre de 1876, siendo Ministro de Fomento el Excmo. Sr. Conde de Toreno.</subfield>
  </datafield>
  <datafield tag="260" ind1=" " ind2=" ">
    <subfield code="a">Madrid : </subfield>
    <subfield code="b">[s.n.], </subfield>
    <subfield code="c">1878 (</subfield>
    <subfield code="f">Imp. y fundici&#xF3;n de Manuel Tello)</subfield>
  </datafield>
  <datafield tag="300" ind1=" " ind2=" ">
    <subfield code="a">VII, 1228 p., [9] h. de map., [1] h. de plan, [4] h. de l&#xE1;m. ; </subfield>
    <subfield code="c">36 cm.</subfield>
  </datafield>
  <datafield tag="650" ind1=" " ind2="4">
    <subfield code="a">Industria vitivin&#xED;cola-</subfield>
    <subfield code="z">Espa&#xF1;a.</subfield>
    <subfield code="9">170300</subfield>
  </datafield>
  <datafield tag="711" ind1="2" ind2=" ">
    <subfield code="a">Exposici&#xF3;n Nacional Vin&#xED;cola (</subfield>
    <subfield code="d">1877. </subfield>
    <subfield code="c">Madrid)</subfield>
    <subfield code="9">708</subfield>
  </datafield>
  <datafield tag="852" ind1=" " ind2=" ">
    <subfield code="a">ES-MaACL</subfield>
    <subfield code="j">G-1947</subfield>
  </datafield>
  <datafield tag="999" ind1=" " ind2=" ">
    <subfield code="c">53454</subfield>
    <subfield code="d">53454</subfield>
  </datafield>
  <datafield tag="952" ind1=" " ind2=" ">
    <subfield code="0">0</subfield>
    <subfield code="1">0</subfield>
    <subfield code="4">0</subfield>
    <subfield code="7">0</subfield>
    <subfield code="8">LIBXIX</subfield>
    <subfield code="a">ATENEOM</subfield>
    <subfield code="b">ATENEOM</subfield>
    <subfield code="c">DEPO2</subfield>
    <subfield code="d">2008-01-17</subfield>
    <subfield code="e">SC</subfield>
    <subfield code="l">0</subfield>
    <subfield code="o">G-1947</subfield>
    <subfield code="p">1056169</subfield>
    <subfield code="r">2023-02-23 00:00:00</subfield>
    <subfield code="w">2023-02-23</subfield>
    <subfield code="y">MONANT</subfield>
  </datafield>
</record>
